| 000 | 00457nam a2200169Ia 4500 | ||
|---|---|---|---|
| 008 | 131103s9999 xx 000 0 und d | ||
| 040 | _aLoreto College | ||
| 041 | _aEnglish | ||
| 082 |
_aMIS/BEC _bLCBED/1567 |
||
| 100 | _aBecker, May Lamberton | ||
| 245 |
_aChoosing books for children _cMay Lamberton Backer |
||
| 260 |
_aLondon _bOxford University Press _c1937 |
||
| 300 |
_a257p. _c 21cm. |
||
| 650 | _aMis | ||
| 850 | _aLCBED/MIS/BEC | ||
| 942 | _cBK | ||
| 999 |
_c34274 _d84753 |
||